000 01365nam0a2200361 4500
001 RU\NLR\bibl\366274
005 20250621162120.0
010 _a5-94457-068-7
021 _aRU
_b2002-57934
_92817
035 _a(NLR Aleph) 000360842
090 _a334696
_c334696
100 _a20030206d2002 |||y0rusy50 ca
101 0 _arus
102 _aRU
105 _aa |||||||||
200 1 _aПомнится...
_fД. М. Пхалагова
210 _aМ.
_cЯзыки славян. культуры (Кошелев)
_d2002
215 _a170, [2] с., [17] л. ил., портр.
_d17
600 1 _aПхалагова
_bД.М.
_f1916
_gДзират Мацкоевна
_92278749
_3RU\NLR\auth\661365384
610 0 _aГидрохимия в Северной Осетии, Республике
610 0 _aАграрные университеты - Кафедры химии - Профессорско-преподавательский состав
675 _a94(47+57)(093.3)
_v3
_zrus
686 _a03.19
_2rugasnti
686 _a63.3(2)6
_2rubbk
686 _aД220.12д(2)Пхалагова
700 1 _aПхалагова
_bД. М.
_gДзират Мацкоевна
_4070
801 0 _aRU
_bRKP
_c20030206
_gPSBO
801 1 _aRU
_bRKP
_c20030206
801 2 _aRU
_bNLR
_c20030312
_grcr
942 _cBOOK
980 _aNB